Điện học Giáo trình cao đẳng sư phạm
Uloženo v:
| Hlavní autor: | |
|---|---|
| Médium: | Kniha |
| Vydáno: |
H.
Đại học sư phạm
2005
|
| Témata: | |
| Tagy: |
Přidat tag
Žádné tagy, Buďte první, kdo otaguje tento záznam!
|
| Thư viện lưu trữ: | Trung tâm Học liệu Lê Vũ Hùng, Trường Đại học Đồng Tháp |
|---|
| LEADER | 02211pam a22002658a 4500 | ||
|---|---|---|---|
| 001 | 00020731 | ||
| 005 | 20180919150901.0 | ||
| 008 | 110519s2005 ||||||Viesd | ||
| 041 | 0 | # | |a Vie |
| 082 | 1 | 4 | |a 537.071 |b Đ305H |
| 100 | 0 | # | |a Vũ, Thanh Khiết |
| 245 | 0 | 0 | |a Điện học |b Giáo trình cao đẳng sư phạm |c Vũ Thanh Khiết |
| 260 | # | # | |a H. |b Đại học sư phạm |c 2005 |
| 300 | # | # | |a 266 tr. |b Sơ đồ |c 24 cm. |
| 500 | # | # | |a Bộ giáo dục và đào tạo. Dự án đào tạo giáo viên trung học cơ sở |
| 650 | # | 4 | |a Dòng điện |
| 650 | # | 4 | |a Điện học |
| 653 | # | # | |a Giáo trình |
| 653 | # | # | |a Tĩnh điện |
| 852 | # | # | |b Kho giáo trình |j KGT.0005657, KGT.0005658, KGT.0005659, KGT.0005660, KGT.0005661, KGT.0005662, KGT.0005663, KGT.0005664, KGT.0005665, KGT.0005666, KGT.0005667, KGT.0005668, KGT.0005669, KGT.0005670, KGT.0005671, KGT.0005672, KGT.0005673, KGT.0005674, KGT.0005675, KGT.0005676, KGT.0005677, KGT.0005678, KGT.0005679, KGT.0005680, KGT.0005681, KGT.0005682, KGT.0005683, KGT.0005684, KGT.0005685, KGT.0005686, KGT.0005687, KGT.0005688, KGT.0005689, KGT.0005690, KGT.0005691, KGT.0005692, KGT.0005693, KGT.0005694, KGT.0005695, KGT.0005696, KGT.0005697, KGT.0005698, KGT.0005699, KGT.0005700, KGT.0005701, KGT.0032565, KGT.0032643 |
| 852 | # | # | |b Kho mượn |j KGT.0005657 |
| 852 | # | # | |b Kho đọc |j KD.0006737 |
| 852 | # | # | |j KGT.0005660 |j KGT.0005662 |j KGT.0005666 |j KGT.0005667 |j KGT.0005668 |j KGT.0005670 |j KGT.0005671 |j KGT.0005673 |j KGT.0005674 |j KGT.0005676 |j KGT.0005677 |j KGT.0005679 |j KGT.0005680 |j KGT.0005682 |j KGT.0005683 |j KGT.0005685 |j KGT.0005686 |j KGT.0005688 |j KGT.0005689 |j KGT.0005691 |j KGT.0005692 |j KGT.0005694 |j KGT.0005695 |j KGT.0005697 |j KGT.0005698 |j KGT.0005700 |j KGT.0005701 |j KGT.0005664 |j KGT.0005665 |j KGT.0005657 |j KGT.0005658 |j KGT.0032565 |j KGT.0032643 |j KGT.0049001 |j KD.0006737 |j KGT.0005659 |j KGT.0005661 |j KGT.0005663 |j KGT.0005669 |j KGT.0005672 |j KGT.0005675 |j KGT.0005678 |j KGT.0005681 |j KGT.0005684 |j KGT.0005687 |j KGT.0005690 |j KGT.0005693 |j KGT.0005696 |j KGT.0005699 |j KGT.0055668 |
| 910 | 0 | # | |a kìm |e dtchanh |f 19/09/2018 |d 19/05/2011 |
| 980 | # | # | |a Trung tâm Học liệu Lê Vũ Hùng, Trường Đại học Đồng Tháp |